| 000 | 00753nam a2200205 i 4500 | ||
|---|---|---|---|
| 001 | 96684 | ||
| 003 | ES-MaACL | ||
| 005 | 20250624193241.0 | ||
| 007 | t| | ||
| 008 | 050629s1929 fr ||||1| fre d | ||
| 100 | 1 |
_aMamelet, A. _975895 |
|
| 245 | 1 | 2 |
_aL'idée positive de la moralité devant la critique philosophique _b: esquisse de l'objet d'une morale humaniste / _cpar A. Mamelet; préface de Léon Brunschvieg. |
| 260 |
_aParis : _bPresses Universitairies de France, _c1929. |
||
| 300 |
_a94 p. ; _c19 cm. |
||
| 490 | 1 | _aBibliothèque de philosophie contemporaine | |
| 700 | 1 |
_aBrunschvicg, Léon, _d1853-1904 _932207 |
|
| 830 | 0 |
_aBibliothèque de philosophie contemporaine _9181027 |
|
| 852 |
_aES-MaACL _jB-5866 |
||
| 999 |
_c96684 _d96684 |
||